Φορτώνει......

Central banking in a planned economy: the Indian experiment

Λεπτομέρειες βιβλιογραφικής εγγραφής
Κύριος συγγραφέας: Basu, C R
Μορφή: Printed Book
Έκδοση: New Delhi, Mc Graw Hill Publishing Company Ltd 1978
Έκδοση:Ed.2
Θέματα:
LEADER 005520000a22001810004500
082 |a 332.1 L8 
100 |a Basu, C R 
245 |a Central banking in a planned economy: the Indian experiment 
250 |a Ed.2 
260 |a New Delhi, Mc Graw Hill Publishing Company Ltd 
260 |c 1978 
650 |a Central Banking 
650 |a Economics 
650 |a India 
650 |a Planned economy 
942 |c BK 
999 |c 131555  |d 131551 
952 |0 0  |1 0  |4 0  |6 332_100000000000000_L8  |7 0  |9 130491  |a SCP  |b SCP  |d 2014-02-11  |l 0  |o 332.1 L8  |p SCP02182  |r 2014-02-11  |w 2014-02-11  |y BK